000 01222nam a2200313 i 4500
003 EG-GICUC
005 20260226010929.0
008 260226s1993 mm ||||fr ||| 00| 0 ara d
040 _aEG-GICUC
_cEG-GICUC
_dEG-GICUC
_erda
_beng
041 0 _aara
082 0 4 _221
_a341.77
_bإ ل . م
092 0 4 _221
099 _aLaw1 11 341.77 إ ل . م 1993
100 0 _aإلهام محمد عاقل
_eمؤلف.
245 1 2 _aمبدأ عدم تسليم المجرمين في الجرائم السياسية :
_bدراسة مقارنة /
_cإلهام محمد عاقل .
250 _aالطبعة الأولي
264 0 _aمالطا :
_bمركز دراسات العالم الإسلامي ,
_c1993 .
300 _a384 صفحة ؛
_c30 سم.
336 _atext
_2rda content
337 _aComputer
_2rda media
338 _aOnline Resource
_2rda carrier
546 _aالنص باللغة العربية مترجم من الانجليزية
650 0 4 _aالقانون الدولي العام
650 0 4 _aالقانون الدولي الجنائي
700 _aصلاح الدين عامر
_eمقدم.
856 _uhttps://fll.law.cu.edu.eg/fulltext/th/B11-07711.pdf
905 _a59
942 _2ddc
_cBK
_e21
_n0
999 _c64247
_d64247